000 00639nam a2200181Ia 4500
005 20250508150207.0
008 008 250505s9999 xx 000 0 eng d
037 _aTextual
040 _aFEDL
_beng
_cFEDL
041 _aeng
_2eng
084 _a570, WAL
_qFEDL
100 _aWalker Norman
_9755975
245 0 _aIntroduction to practical biology: A course of work based chiefly upon the plant and arranged for use without special apparatus in either the classroom or the home
260 _aLondon, UK
_bSir Isaac Pitman and Sons Ltd
_c1926
300 _aviii,224p.
942 _cTEXL
_h570, WAL
999 _c1322311
_d1322311